|
|
|
|
| LEADER |
00920pam a22002658a 4500 |
| 001 |
00040739 |
| 005 |
20180118140151.0 |
| 008 |
110506s2003 ||||||Viesd |
| 020 |
# |
# |
|c 94000
|a 978 604 60 2588 7
|
| 041 |
0 |
# |
|a Vie
|
| 082 |
1 |
4 |
|a 632
|b C454TR
|
| 100 |
1 |
# |
|a Nguyễn, Văn Huỳnh
|e Chủ biên
|
| 245 |
0 |
0 |
|a Côn trùng gây hại cây trồng
|c Nguyễn Văn Huỳnh; Lê Thị Sen
|
| 250 |
# |
# |
|a tái bản lần 2
|b Có chỉnh sữa và bổ sung
|
| 260 |
# |
# |
|a Tp. Hồ Chí Minh
|b Nông nghiệp
|c 2017
|
| 300 |
# |
# |
|a 307 tr.
|c 24 cm.
|
| 653 |
# |
# |
|a Cây trồng
|
| 653 |
# |
# |
|a Nông nghiệp
|
| 653 |
# |
# |
|a Phát triển
|
| 653 |
# |
# |
|a Sâu bệnh
|
| 653 |
# |
# |
|a côn trùng
|
| 700 |
1 |
# |
|a Lê, Thị Sen
|
| 852 |
# |
# |
|j KD.0023088
|j KM.0023732
|j KM.0023733
|
| 910 |
|
|
|d 18/01/2018
|
| 980 |
# |
# |
|a Trung tâm Học liệu Lê Vũ Hùng, Trường Đại học Đồng Tháp
|